00783cam a2200241 a 45000010008000000030004000080050017000120080041000290100017000700150010000870200015000970400018001120500022001300820017001521000033001692450046002022600077002483000022003255000022003475040031003696300037004008560104004373261924OSt20221027102737.0810728s1981 enk b 001 0 eng  a 81047066  aGB*** a1783592715 aDLCcDLCdDLC00aBS2397b.G84 198100a230/.0442191 aGuthrie, Donald,d1916-1992.10aNew Testament theology /cDonald Guthrie. aLeicester, England ;aDowners Grove, Ill. :bInter-Varsity Press,c1981. a1064 p. ;c24 cm. aIncludes indexes. aBibliography: p. 983-1019.00aBible.pNew TestamentxTheology.423Contributor biographical informationuhttp://www.loc.gov/catdir/enhancements/fy1007/81047066-b.html